000 00843nam a2200229Ia 4500
005 20230707111536.0
008 210716s2001 xx 000 0 und d
020 _a0070402353
040 _cAIMIT LIBRARY
041 _aeng
082 _a004.65
_21
_bLEOA
100 _aLeon Garcia, Alberto.
_9125809
245 _aCommunication networks:
_bfundamental concepts and key architectures /
_cBy Alberto Leon Garcia and Indra Widjaja.
250 _a1st ed.
260 _aNew Delhi :
_bTata McGraw Hill Publishing Company Ltd ,
_c2001.
300 _axxiii,867p. ;
_bPB
_c23 cm.
650 _aApplications and layered architectures
_9125810
650 _aDigital transmission fundamentals
_9125811
650 _aTransmission systems and the telephone network
_9125812
700 _aWidjaja, Indra.
_9125813
942 _2ddc
_cBK
_e1st
_k004.65 LEOA
999 _c184332
_d184332